History Quiz

Random History or Century Quiz
Score 0/27 Timer 06:00
1 Play Today
% Correct
20th
87.4%
21st
83.5%
18th
81.9%
15th
79.6%
19th
69.3%
1st
65.1%
17th
65%
16th
61.1%
11th
59.4%
1st BC
57.3%
13th
54.2%
14th
48.5%
12th
40.3%
5th
38.4%
% Correct
7th
36.8%
2nd BC
35.7%
4th
33.9%
6th BC
33.8%
9th
31.8%
2nd
31.8%
4th BC
31.2%
5th BC
31.1%
3rd BC
27.6%
8th
25.7%
6th
23.3%
10th
20.9%
3rd
18.6%
Remove Ads.
Support Sporcle.
Get the best of Sporcle when you Go Orange. This ad-free experience offers more features, more stats, and more fun while also helping to support Sporcle. Thank you for becoming a member.

You're not logged in!

Compare scores with friends on all Sporcle quizzes.
OR
Log In

Show Comments

Extras

Top Quizzes Today


Score Distribution

Your Account Isn't Verified!

In order to create a playlist on Sporcle, you need to verify the email address you used during registration. Go to your Sporcle Settings to finish the process.

Report this User

Report this user for behavior that violates our Community Guidelines.

Details: